000 00302nam a22001337a 4500
008 170905b xxu||||| |||| 00| 0 eng d
020 _a9780321330789
041 _aeng
080 _210 ED
_a070
100 _a40
101 _aMED
245 _aTECHNICAL COMMUNICATION
_cLANNON.J.M
942 _2udc
_cBK
999 _c26084
_d26084